MARC details
| 000 -LEADER |
| fixed length control field |
01798cam a2200361 i 4500 |
| 001 - CONTROL NUMBER |
| control field |
200453891 |
| 003 - CONTROL NUMBER IDENTIFIER |
| control field |
TR-AnTOB |
| 005 - DATE AND TIME OF LATEST TRANSACTION |
| control field |
20250728150614.0 |
| 007 - PHYSICAL DESCRIPTION FIXED FIELD--GENERAL INFORMATION |
| fixed length control field |
ta |
| 008 - FIXED-LENGTH DATA ELEMENTS--GENERAL INFORMATION |
| fixed length control field |
230811s2002 tu a b 00100 tur d |
| 040 ## - CATALOGING SOURCE |
| Original cataloging agency |
CUKUROVA |
| Language of cataloging |
eng |
| Description conventions |
rda |
| Transcribing agency |
TR-AnTOB |
| Modifying agency |
TR-AnTOB |
| 041 1# - LANGUAGE CODE |
| Language code of text/sound track or separate title |
Türkçe |
| Language code of original |
eng |
| 060 ## - NATIONAL LIBRARY OF MEDICINE CALL NUMBER |
| Classification number |
WG 100 |
| Item number |
H966 2002 |
| 096 ## - LOCALLY ASSIGNED NLM-TYPE CALL NUMBER (OCLC) |
| Classification number |
WG100 |
| Item number |
H966 2002 |
| 240 00 - UNIFORM TITLE |
| Uniform title |
Hurst's the heart. |
| Language of a work |
Turkish |
| 245 00 - TITLE STATEMENT |
| Title |
Hurst's the heart : |
| Remainder of title |
Türkçe / |
| Statement of responsibility, etc. |
editörler Valentin Fuster [and others] ; çeviri editörü, Ali Metin Esen. |
| 250 ## - EDITION STATEMENT |
| Edition statement |
10. baskı. |
| 264 #1 - PRODUCTION, PUBLICATION, DISTRIBUTION, MANUFACTURE, AND COPYRIGHT NOTICE |
| Place of production, publication, distribution, manufacture |
İstanbul : |
| Name of producer, publisher, distributor, manufacturer |
AND Danışmanlık ve Yayıncılık, |
| Date of production, publication, distribution, manufacture, or copyright notice |
2002. |
| 300 ## - PHYSICAL DESCRIPTION |
| Extent |
4.volumes (2568 pages) : |
| Other physical details |
illustrations ; |
| Dimensions |
28 cm |
| 336 ## - CONTENT TYPE |
| Content type term |
text |
| Content type code |
txt |
| Source |
rdacontent |
| 337 ## - MEDIA TYPE |
| Media type term |
unmediated |
| Media type code |
n |
| Source |
rdamedia |
| 338 ## - CARRIER TYPE |
| Carrier type term |
volume |
| Carrier type code |
nc |
| Source |
rdacarrier |
| 504 ## - BIBLIOGRAPHY, ETC. NOTE |
| Bibliography, etc. note |
Includes bibliographical references and index. |
| 505 0# - FORMATTED CONTENTS NOTE |
| Formatted contents note |
v.1. Kardiyoloji temel bilimler, hastanın genel değerlendirilmesi -- v.2. Kalp yetersizliği, ritim ve ileti bozuklukları, senkop, ani ölüm ve kardiopulmoner ressüssitasyon -- v.3. koronor kalp hastalığı, sistemik arteryel hipertansiyon, pulmoner hipertansiyon ve akciğer hastalıkları, valvuler kalp hastalığı, konjenital kalp hastalığı.-- v.4. kardiyomiyopati ve spesifik kalp kası hastalıkları, perikard hastalıkları ve endokardit, kalp, anestezi ve cerrahi, çeşitli hastalık ve durumlar, büyük damarların ve periferik damarların hastalıkları, etkin maliyetli stratejiler sigorta ve yasal problemler. |
| 650 12 - SUBJECT ADDED ENTRY--TOPICAL TERM |
| Topical term or geographic name entry element |
Heart |
| 9 (RLIN) |
124526 |
|
| Topical term or geographic name entry element |
Heart Diseases |
| 9 (RLIN) |
124991 |
|
| Topical term or geographic name entry element |
Cardiovascular Diseases |
| 9 (RLIN) |
6012 |
| 700 1# - ADDED ENTRY--PERSONAL NAME |
| Personal name |
Fuster, Valentin |
| 9 (RLIN) |
149436 |
|
| Personal name |
Hurst, J. Willis |
| Fuller form of name |
(John Willis), |
| Dates associated with a name |
1920-2011 |
| 9 (RLIN) |
149437 |
|
| Personal name |
Esen, Ali Metin |
| 9 (RLIN) |
147332 |
| 942 ## - ADDED ENTRY ELEMENTS (KOHA) |
| Source of classification or shelving scheme |
National Library of Medicine |
| Koha item type |
Book |